00728nam a2200157Ia 4500008004100000020001800041082001600059245012200075260006500197300001100262500004600273650004300319700008900362952010200451999001700553120622s9999 xx 000 0 und d a968-837-345-X a302.2 C741a aComunicación y teoría social : antología / comp. Fátima Fernández Christlieb, Margarita Yépez Hernández aMéxico : UNAM, Facultad de Ciencias Políticas y Sociales a304 p. aPrograma del libro de texto universitario a1. COMUNICACION \ 2. CIENCIAS SOCIALES aFernández Christlieb, Fátima ; comp. \ Yépez Hernández, Margarita ; comp.Ì 00104070a01b01d2007-01-25l1o302.2 C741Ap01 006863r2017-09-14s2017-09-14w2012-06-24yLB c55024d55024